Tilastot visalle Yleisurheilun Suomen ennätyksiä

Klikkaa tästä pelataksesi tätä visaa!

Yleistilastot

  • Tätä visaa on pelattu 56 kertaa
  • Keskiarvotulos 20 / 35

Vastaustilastot

% Oikein
Nseiväs485Wilma
Murto
2022
88%
M100 m10,12Samuli
Samuelsson
2023
85%
M5 000 m13.16,3Lasse
Virén
1972
81%
M110 m aidat13,31Elmo
Lakka
2021
79%
Mkeihäs93,09Aki
Parviainen
1999
75%
Nmaraton2.27.26Alisa
Vainio
2023
73%
M10 000 m27.30,99Martti
Vainio
1978
73%
Npituus685Ringa
Ropo
1990
73%
Nkorkeus196Ella
Junnila
2021
71%
Nkolmiloikka14,64Kristiina
Mäkelä
2022
71%
N100 m aidat12,70Reetta
Hurske
2023
71%
M3 000 m esteet8.10,67Jukka
Keskisalo
2009
65%
Mmoukari83,30Olli-Pekka
Karjalainen
2004
65%
N10 000 m31.12,78Camilla
Richardsson
2023
63%
Nmoukari74,40Krista
Tervo
2022
60%
M200 m20,45Samuel
Purola
2022
60%
N800 m1.59,41Sara
Kuivisto
2021
60%
Mkolmiloikka17,14Simo
Lipsanen
2017
60%
Mkiekko69,97Frantz
Kruger
2007
54%
Mpituus827Kristian
Pulli
2020
54%
Mmaraton2.10.46Janne
Holmén
2008
50%
Mkuula21,69Reijo
Ståhlberg
1979
50%
N3 000 m esteet9.24,70Sandra
Eriksson
2014
50%
N5 000 m14.56,22Annemari
Sandell
1996
44%
N100 m11,13Helinä
Marjamaa
1983
44%
N400 m50,14Riitta
Salin
1974
44%
N200 m22,39Mona-Lisa
Pursiainen
1973
42%
Mseiväs582Jani
Lehtonen
1993
40%
M400 m45,49Markku
Kukkoaho
1972
40%
M800 m1.44,10Ari
Suhonen
1989
38%
Mkorkeus231Mika
Polku
2000
33%
Nkeihäs64,90Paula
Huhtaniemi
2003
33%
Mkorkeus231Toni
Huikuri
2002
33%
Nkuula18,57Asta
Ovaska
1989
31%
Nkiekko67,02Ulla
Lundholm
1983
23%

Tulosjakauma

Persentiili vastausten määrän mukaan

Jokaisen tuloksen saaneiden osuus

Tuloshistoriasi

Et ole pelannut tätä visaa